Responsabilidad Civil.

Saved in:
Bibliographic Details
Main Author: Alterini, Atilio Aníbal (autor)
Other Authors: López Cabana, Roberto Manuel (autor)
Format: Book
Published: Medellín, Colombia: Biblioteca Jurídica Diké, 1995.
Edition:Primera edición
Subjects:
Tags: Add Tag
No Tags, Be the first to tag this record!

MARC

LEADER 00000nam a22000007a 4500
003 CL-VaPUC
005 20231031162139.0
008 231024t1995 ||||| |||| 00| 0 eng d
999 |c 442173  |d 442171 
020 |a 958-9421-15-6 
040 |c Pontificia Universidad Católica de Valparaíso 
082 0 4 |2 22  |a 346.8202 ALT 1995 
100 1 |a Alterini, Atilio Aníbal  |9 587645  |e autor 
245 1 0 |a Responsabilidad Civil. 
250 |a Primera edición 
260 |a Medellín, Colombia:  |b Biblioteca Jurídica Diké,  |c 1995. 
300 |a 444 páginas. 
500 |a c.1 Donación Jorge López Santa María. Memo N° 039/2023. 
583 |c 20231024  |k Catalogador Asistente 
650 1 |a Responsabilidad civil  |z Argentina  |9 885366 
650 1 |a Derecho civil argentino  |9 398477 
700 |a López Cabana, Roberto Manuel  |e autor  |9 885298 
942 |2 ddc  |c BK 
952 |0 0  |1 0  |2 ddc  |4 0  |6 346_820200000000000_ALT_1995  |7 0  |8 A  |9 592108  |a BIBDER  |b BIBDER  |d 2023-10-24  |e Donación  |i 5659143  |o 346.8202 ALT 1995  |p 5659143  |r 2023-10-24  |t 1  |w 2023-10-24  |y BK  |k DER